| 000 | 01052cas a2200265I 4500 | ||
|---|---|---|---|
| 001 | christmasbook1975chic | ||
| 003 | CaSfIA | ||
| 005 | 20210117224000.0 | ||
| 007 | cr|||| | ||
| 008 | 751205u19uuuuuuiluar 0 a0eng d | ||
| 040 |
_aKSU _cKSU _dUCU _dOCL _dWPG _dCaSfIA |
||
| 035 | _a(OCoLC)1877130 | ||
| 050 | 1 | 4 |
_aPN6071.C6 _bC49 |
| 082 | 4 | _a394 | |
| 245 | 0 | 4 |
_aThe Christmas book. _h[electronic resource] |
| 246 | 0 | 3 |
_aCuneo Christmas book. _fVols. for 19 - |
| 260 |
_aChicago, _bThe Cuneo Press. |
||
| 300 |
_av. _bill. _c24 cm. |
||
| 650 | 0 | _aChristmas stories. | |
| 650 | 0 | _aShort stories. | |
| 856 | 4 | 1 |
_uhttp://www.archive.org/details/christmasbook1975chic _zFree eBook from the Internet Archive |
| 942 | _cEB | ||
| 506 | _fНеобхідна авторизація на https://archive.org/ (створення облікового запису безкоштовно) | ||
| 506 | _fНеобхідна авторизація на https://openlibrary.org/ (створення облікового запису безкоштовно) | ||
| 999 |
_c480844 _d480844 |
||